The Hindu vision : (Record no. 21251)

000 -LEADER
fixed length control field 00516cam a2200193 a 4500
020 ## - INTERNATIONAL STANDARD BOOK NUMBER
ISBN 0500810435 (pbk) :
040 ## - CATALOGING SOURCE
Transcribing agency UKM
082 04 - DEWEY DECIMAL CLASSIFICATION NUMBER
Classification number 704 SHE 1993 C275 Or.
100 1# - MAIN ENTRY--AUTHOR NAME
Personal name Shearer, Alistair
245 14 - TITLE STATEMENT
Title The Hindu vision :
Remainder of title forms of the formless /
260 ## - PUBLICATION, DISTRIBUTION, ETC. (IMPRINT)
Place of publication London :
Name of publisher Thames and Hudson,
Year of publication c1993
300 ## - PHYSICAL DESCRIPTION
Number of Pages 96 p. :
Other physical details ill. (some col.) ;
Dimensions 28 cm
490 1# - SERIES STATEMENT
Series statement Art and imagination
650 #0 - SUBJECT ADDED ENTRY--TOPICAL TERM
Topical Term Hinduism
650 #0 - SUBJECT ADDED ENTRY--TOPICAL TERM
Topical Term Hindu art
650 #0 - SUBJECT ADDED ENTRY--TOPICAL TERM
Topical Term Hindu symbolism
650 #0 - SUBJECT ADDED ENTRY--TOPICAL TERM
Topical Term Hindu mythology
942 ## - ADDED ENTRY ELEMENTS (KOHA)
Koha item type ឯកសារស្រាវជ្រាវ
952 ## - LOCATION AND ITEM INFORMATION (KOHA)
Withdrawn status [LOCAL, KOHA] 0
Holdings
Permanent Location Date acquired Koha item type Lost status Shelving location Barcode Current Location Full call number
Library Block C2023-04-19ឯកសារស្រាវជ្រាវ C275a071454Library Block C704 SHE 1993 C275 Or.
មជ្ឈមណ្ឌលឯការនៃសាកលវិទ្យាល័យភូមិន្ទកសិកម្មចំការដូង

Powered by Koha